Managerial economics / (Record no. 2866)

000 -LEADER
fixed length control field 01303cam a22003374a 4500
001 - CONTROL NUMBER
control field 13397752
003 - CONTROL NUMBER IDENTIFIER
control field OSt
005 - DATE AND TIME OF LATEST TRANSACTION
control field 20160823085437.0
008 - FIXED-LENGTH DATA ELEMENTS--GENERAL INFORMATION
fixed length control field 031107s2005 maua 001 0 eng
010 ## - LIBRARY OF CONGRESS CONTROL NUMBER
LC control number 2003067269
020 ## - INTERNATIONAL STANDARD BOOK NUMBER
International Standard Book Number 0072871741 (alk. paper)
040 ## - CATALOGING SOURCE
Original cataloging agency DLC
Transcribing agency DLC
Modifying agency DLC
042 ## - AUTHENTICATION CODE
Authentication code pcc
050 00 - LIBRARY OF CONGRESS CALL NUMBER
Classification number HD30.22.M39 2005
082 00 - DEWEY DECIMAL CLASSIFICATION NUMBER
Classification number 338.5/024/658
Edition number 22
100 1# - MAIN ENTRY--PERSONAL NAME
Personal name Thomas, Christopher R.
245 10 - TITLE STATEMENT
Title Managerial economics /
Statement of responsibility, etc Christopher R. Thomas, S. Charles Maurice.
250 ## - EDITION STATEMENT
Edition statement 8th ed.
260 ## - PUBLICATION, DISTRIBUTION, ETC. (IMPRINT)
Place of publication, distribution, etc Boston :
Name of publisher, distributor, etc McGraw-Hill/Irwin,
Date of publication, distribution, etc c2005.
300 ## - PHYSICAL DESCRIPTION
Extent xvi, 704 p. :
Other physical details ill. (some col.) ;
Dimensions 24 cm.
500 ## - GENERAL NOTE
General note Rev. ed. of: Maurice, S. Charles. Managerial economics. 7th ed.
500 ## - GENERAL NOTE
General note Various multi-media instructional aids are available to supplement the text.
500 ## - GENERAL NOTE
General note Includes index.
650 #0 - SUBJECT ADDED ENTRY--TOPICAL TERM
Topical term or geographic name as entry element Managerial economics.
700 1# - ADDED ENTRY--PERSONAL NAME
Personal name Maurice, S. Charles.
Title of a work Managerial economics.
856 42 - ELECTRONIC LOCATION AND ACCESS
Materials specified Publisher description
Uniform Resource Identifier <a href="http://www.loc.gov/catdir/description/mh051/2003067269.html">http://www.loc.gov/catdir/description/mh051/2003067269.html</a>
856 41 - ELECTRONIC LOCATION AND ACCESS
Materials specified Table of contents
Uniform Resource Identifier <a href="http://www.loc.gov/catdir/toc/mh041/2003067269.html">http://www.loc.gov/catdir/toc/mh041/2003067269.html</a>
906 ## - LOCAL DATA ELEMENT F, LDF (RLIN)
a 7
b cbc
c orignew
d 1
e ocip
f 20
g y-gencatlg
942 ## - ADDED ENTRY ELEMENTS (KOHA)
Source of classification or shelving scheme
Koha item type Book
Holdings
Withdrawn status Lost status Source of classification or shelving scheme Damaged status Not for loan Home library Current library Shelving location Date acquired Total Checkouts Full call number Barcode Date last seen Copy number Price effective from Koha item type
          Riara University Library Riara University Library General stack 23/08/2016   HD30.22.M39 2005 8045/16 27/07/2018 C.1 23/08/2016 Book

Riara University Library,
P.O. Box 49940-00100,
Nairobi, Kenya.